000 00733nam a22002417a 4500
999 _c6054
_d6054
003 AR-CdUCM
008 190313b ||||| |||| 00| 0 spa d
040 _aMUNICIPALIDAD PROVINCIAL DEL CUSCO
_cBIBLIOTECA MUNICIPAL DEL CUSCO
041 _heng
082 _a839.64 /
_bL31
100 _aLaxness, Halldor
_912755
245 _aGente Independiente /
260 _aBuenos Aires :
_bSudamericana ;
_c1956.
300 _a676 páginas ;
_c18cm
440 _aColección Horizonte
_914516
500 _aDonación de la familia Nieto
505 _aContenido: Novela
650 _aNovela islandesa
_917651
650 _aNovela siglo XX
_9450
700 _aMazía, Floreal (traducción)
_911682
942 _2ddc
_cLIBROS
945 _anom